Beg, borrow or steal? (Record no. 81558)

MARC details
000 -LEADER
fixed length control field 01273cab a22002535a 4500
001 - CONTROL NUMBER
control field L147523
008 - FIXED-LENGTH DATA ELEMENTS--GENERAL INFORMATION
fixed length control field 090519e20090313xxk f l 000 0 eng d
035 ## - SYSTEM CONTROL NUMBER
System control number (Sirsi) u147523
041 0# - LANGUAGE CODE
Language code of text/sound track or separate title eng
100 1# - MAIN ENTRY--PERSONAL NAME
Personal name Peters, Edward
245 00 - TITLE STATEMENT
Title Beg, borrow or steal?
260 ## - PUBLICATION, DISTRIBUTION, ETC.
Date of publication, distribution, etc. 2009
490 #0 - SERIES STATEMENT
Series statement New Law Journal
Volume/sequential designation 13 March 2009, 159(7360) 13 March 2009, 381-382(2)
520 ## - SUMMARY, ETC.
Summary, etc. Considers recent decisions regarding mortgage possession and adverse possession. Issues covered include the need for mortgagors to have evidence of their financial means ready when seeking an adjournment of possession proceedings, Consumer Credit Act 1974 matters, when is a mortgage not a mortgage?, and that squatters cannot extinguish a public highway but can be estopped from claiming adverse possession.
590 ## - LOCAL NOTE (RLIN)
Local note KA
650 24 - SUBJECT ADDED ENTRY--TOPICAL TERM
Topical term or geographic name entry element CHEVAL BRIDGING FINANCE v BHASISN
650 24 - SUBJECT ADDED ENTRY--TOPICAL TERM
Topical term or geographic name entry element HEATH V SOUTHERN PACIFIC MORTGAGE LTD
650 24 - SUBJECT ADDED ENTRY--TOPICAL TERM
Topical term or geographic name entry element BRIGHTON AND HOVE CITY COUNCIL V AUDUS
650 24 - SUBJECT ADDED ENTRY--TOPICAL TERM
Topical term or geographic name entry element R (ON THE APPLICATION OF SMITH) v LAND REGISTRY (PETERBOROUGH OFFICE)
650 24 - SUBJECT ADDED ENTRY--TOPICAL TERM
Topical term or geographic name entry element ST PANCRAS AND HUMANIST HOUSING ASSOCIATION LTD V LEONARD
651 #4 - SUBJECT ADDED ENTRY--GEOGRAPHIC NAME
Geographic name England and Wales
Chronological subdivision 1543-
690 ## - LOCAL SUBJECT ADDED ENTRY--TOPICAL TERM (OCLC, RLIN)
Topical term or geographic name as entry element PROPERTY-RESIDENTIAL PROPERTY-ACQUISITION AND DISPOSAL OF RESIDENTIAL PROPERTY
942 ## - ADDED ENTRY ELEMENTS (KOHA)
Suppress in OPAC 0
Holdings
Withdrawn status Lost status Source of classification or shelving scheme Damaged status Not for loan Home library Current library Shelving location Date acquired Total Checkouts Full call number Barcode Date last seen Copy number Price effective from Koha item type
    Dewey Decimal Classification     London London Journal article 19/05/2009   L147523 147523-1001 06/08/2019 1 06/08/2019 Journal article